pays attaqué par la Russie de 1946 à 2025 - Statistiques

Statistiques générales
  • Ce quiz a été pris 55 fois
  • Le résultat moyen est 5 sur 12
Statistiques - réponses
Date Pays % Correct
2014–2025 Ukraine
100%
1979–1989 Afghanistan
81%
2008 Géorgie
64%
2015–2025 Syrie
55%
1956 Hongrie
45%
1968 Tchécoslovaquie
42%
2020–2025 Mali
32%
2019–2021 Libye
28%
1994–1996, 1999–2009 Tchétchénie
28%
2020–2025 Soudan
25%
2020–2025 Burkina Faso
21%
2018–2025 République centrafricaine
15%
Aucun quiz correspondant
Distribution des résultats
% des personnes avec chaque résultat
Percentile par nombre de réponses
Votre historique - résultats
Vous n’avez pas pris ce quiz